Missing Word: The Untouchables Cast Quiz Stats

 Plays Quiz Updated Aug 22, 2015

Challenge
Share
Tweet
Embed
Score 0/20 Timer 04:00
0 Plays Today
Hint Answer % Correct
Kevin CostnerHood
98.7%
Kevin CostnerWolves
98.6%
Sean ConneryOctober
98.2%
Andy GarcíaWoman
98.1%
Andy GarcíaPink
97.6%
Robert De NiroMeet
97.6%
Kevin CostnerField
94.5%
Andy GarcíaOcean's
94.4%
Robert De NiroRaging
93.6%
Sean ConneryMan
93.1%
Hint Answer % Correct
Sean ConneryRussia
93.1%
Robert De NiroDeer
93.1%
Sean ConneryCrusade
92.1%
Robert De NiroFear
91.4%
Kevin CostnerDurham
88.2%
Sean ConneryExtraordinary
81.4%
Andy GarcíaGodfather
79.5%
Andy GarcíaAces
59%
Robert De NiroRun
53.2%
Kevin CostnerSteel
40%

Today's Daily Dose

Word Ladder
Bruno Mars Song

Get the Picture
Japanese Cars

You're not logged in!

Compare scores with friends on all Sporcle quizzes.
OR
Log In

You Might Also Like...

Show Comments

Extras

Top Quizzes Today


Score Distribution

Your Account Isn't Verified!

In order to create a playlist on Sporcle, you need to verify the email address you used during registration. Go to your Sporcle Settings to finish the process.

Report this User

Report this user for behavior that violates our Community Guidelines.

Details: